000 00962nam a22002177a 4500
999 _c4218
_d4218
003 OSt
005 20250127112513.0
008 250127b ||||| |||| 00| 0 eng d
020 _a9780198374688
040 _cKH8
082 _a540.76 NOR
100 _aNorris, Roger,
_eauthor.
245 _aEssential Chemistry for Cambridge IGCSE :
_bWorkbook /
_cRoger Norris.
260 _aUnited Kingdom ;
_bOxford University Press ,
_c2016.
300 _a180 pages :
_billustrations ;
_c30 cm.
520 _aEquip EAL students to achieve in assessment. Building and reinforcing skills step-by-step and helping students to master scientific language, this Workbook strengthens exam potential. Fully matched to the latest Cambridge syllabus, students will acquire and extend all the key practical skills central to Cambridge exams.
650 _aChemistry
_vWorkbook
650 _aChemistry
_vassessment
650 _aChemistry
_vexercise and answer
942 _2ddc
_cNFIC